000 00490nam a2200229Ia 4500
008 210210b1944 xxu||||| |||| 00| 0 eng d
041 _aeng
082 _a828/30
100 _aBACHARACH (A L)
245 _aLives of the great composers Vol 1
260 _aUSA
_bPenguin Books
_c1944
440 _a1
650 _aVol
650 _athe
650 _aof
650 _aLives
650 _agreat
650 _acomposers
650 _a1
690 _aBiography
906 _a015875
999 _c135265
_d135265